| 000 | 00406nam a22001697a 4500 | ||
|---|---|---|---|
| 003 | macl | ||
| 005 | 20151028161712.0 | ||
| 008 | 151028b xxu||||| |||| 00| 0 eng d | ||
| 040 | _cmacl | ||
| 041 | _aEnglish | ||
| 082 | _a200/BHA | ||
| 100 |
_aDr. N. Thirumaleshwar Bhat _917241 |
||
| 245 | _aLearn To Live | ||
| 260 |
_aChennai _bSri Ramakrishna Math |
||
| 650 |
_aReligion _917242 |
||
| 942 |
_2ddc _cBK |
||
| 999 |
_c50438 _d50438 |
||